The 10 hottest countries - Statistics

General Stats
  • This quiz has been taken 33 times
  • The average score is 6 of 10
Answer Stats
Answer Clues % Correct
Saudi Arabia 2
71%
Algeria 4
68%
India 8
64%
Oman 6
64%
Sudan 7
64%
Libya 1
61%
Iran 5
54%
Iraq 3
46%
Mexico 10
43%
Somalia 9
39%
No matching quizzes found
Score Distribution
Percent of People with Each Score
Percentile by Number Answered
Your Score History
You have not taken this quiz